Middle Eastern Countries in Order of Size - Statistics

General Stats
  • This quiz has been taken 55 times
  • The average score is 6 of 19
Answer Stats
Answer % Correct
Saudi Arabia
100%
Iran
95%
Egypt
72%
Turkey
64%
Iraq
49%
Oman
38%
Yemen
38%
Syria
33%
Azerbaijan
23%
Jordan
23%
Bahrain
21%
United Arab Emirates
18%
Georgia
15%
Armenia
10%
Israel
10%
Cyprus
8%
Kuwait
5%
Lebanon
5%
Qatar
3%
No matching quizzes found
Score Distribution
Percent of People with Each Score
Percentile by Number Answered
Your Score History
You have not taken this quiz